• 首页
  • 本馆介绍
  • 公告通知
  • 最新文献
  • 馆藏检索
  • 电子资源
  • 读者导购
  • 参考咨询
  • 我的图书馆
  • 登录
  • 详细信息显示
  • 放入我的书架
  • 预约/预借图书
  • 作者相关作品
  • 分类相关作品
  • 丛书相关作品
  • 出版社相关作品

书目信息

  • 表格格式
  • 工作单格式
  • 卡片格式
题名:
魏晋玄学“三大派”
    
 
作者: 刘玲 编著
分册:  
出版信息: 长春   吉林出版集团有限责任公司  2018
页数: 136页
开本: 22cm
丛书名:
单 册:
中图分类: B235.05
科图分类:
主题词: 玄学--研究--中国--魏晋南北朝时代
电子资源:
ISBN: 978-7-5463-4120-0
000 00779nam0 2200241 45
001 012001012250
005 20141124092816.0
010    @a978-7-5463-4120-0@dCNY34.80
100    @a20120317d2011 em y0chiy50 ea
101 0  @achi
102    @aCN@b220000
105    @ay z 000yy
106    @ar
200 1  @a魏晋玄学“三大派”@9wei jin xuan xue“san da pai”@f刘玲编著
210    @a长春@c吉林出版集团有限责任公司@c吉林文史出版社@d2018
215    @a136页@c图@d22cm
300    @a中国古代思想宗教
330    @a本书介绍了玄学的缘起、玄学的含义、玄学的发展分期与内部派别以及东晋时期的玄学等内容。
606 0  @a玄学@x研究@y中国@z魏晋南北朝时代
690    @aB235.05@v5
701  0 @a刘玲@9liu ling@4编著
801  0 @aCN@b上海新华@c20191020
905    @b1178809-12@dB235.05@e22@f4
    
    魏晋玄学“三大派”/刘玲编著.-长春:吉林出版集团有限责任公司:吉林文史出版社,2018
    136页:图;22cm
    中国古代思想宗教
    
    ISBN 978-7-5463-4120-0:CNY34.80
    本书介绍了玄学的缘起、玄学的含义、玄学的发展分期与内部派别以及东晋时期的玄学等内容。
●
相关链接 在E读中查询图书 在五车中查询图书 在当当中查询图书 在豆瓣中查询图书


正题名:魏晋玄学"三大派"     索取号:B235.05/22         预约/预借

序号 登录号 条形码 馆藏地/架位号 状态 备注
1 1178809   211788092   第一样本阅览室/ [索取号:B235.05/22] 在馆    
2 1178810   211788109   第一借阅区/ [索取号:B235.05/22] 在馆    
3 1178811   211788118   第一借阅区/ [索取号:B235.05/22] 在馆    
4 1178812   211788127   第一借阅区/ [索取号:B235.05/22] 在馆    
唐山师范学院图书馆 欢迎您!
大连网信软件有限公司© 版权所有